000 00555njm a2200181 i 4500
001 C2-0217778
003 PPAK
005 20180729152037.0
008 990707s1984 my |||| ||||| | may d
040 _aPPAK
_beng
_cPPAK
_erda
245 0 0 _aPerintis puisi Darul Aman
264 1 _aAlor Setar, Kedah :
_bPerbadanan Perpustakaan Awam Kedah ,
_c1984
336 _2rdacontent
_atext
337 _2rdamedia
_aunmediated
338 _2rdacarrier
_avolume
500 _aDirakam pada 31/3/84 ; Temubual dengan Afrini Adham ; Tiada transkripsi
942 _ddc
_cB
999 _c163066
_d163066